Statistics for 100 Biggest Cities in the European Union on a Map

Click here to take the quiz!

General Stats

  • This quiz has been taken 4,105 times
  • The average score is 75 of 100

Answers on the Map

Answers color-coded by a green-red scale on the quiz's map according to % correct below.
 

Answer Stats

PopulationCity% Correct
3,334,730Madrid
99%
2,175,601Paris
99%
1,664,182Barcelona
98%
3,669,491Berlin
98%
553,165Dublin
98%
552,700Lisbon
98%
2,783,809Rome
98%
1,114,745Amsterdam
97%
664,046Athens
97%
1,397,715Milan
97%
1,766,106Stockholm
97%
1,921,153Vienna
97%
1,790,658Warsaw
97%
1,883,425Bucharest
96%
1,752,286Budapest
96%
656,920Helsinki
96%
1,484,226Munich
96%
1,335,084Prague
96%
1,336,982Copenhagen
95%
868,277Marseille
95%
940,940Naples
95%
627,487Riga
95%
1,242,568Sofia
95%
1,847,253Hamburg
94%
518,635Lyon
94%
829,875Rotterdam
93%
438,341Tallinn
93%
688,163Zagreb
93%
763,380Frankfurt am Main
92%
341,032Nice
91%
848,196Turin
91%
559,250Vilnius
91%
691,395Seville
90%
800,215València
90%
440,948Bratislava
88%
1,087,863Cologne
88%
359,755Florence
88%
779,115Kraków
88%
640,720Palermo
88%
288,621Ljubljana
86%
803,835The Hague
86%
529,247Antwerp
85%
324,002Malmö
85%
470,907Gdańsk
84%
621,877Düsseldorf
83%
558,930Genoa
83%
350,184Bilbao
82%
655,078Gothenburg
82%
635,911Stuttgart
82%
315,196Thessaloniki
82%
556,780Dresden
80%
486,828Toulouse
80%
578,460Málaga
77%
567,559Bremen
76%
593,145Leipzig
76%
518,370Nuremberg
76%
422,587Palma de Mallorca
75%
394,463Bologna
74%
536,925Hanover
74%
588,250Dortmund
73%
313,003Bari
72%
314,138Nantes
72%
681,877Zaragoza
72%
582,760Essen
70%
382,405Brno
67%
291,130Graz
66%
679,941Łódź
66%
382,520Utrecht
65%
329,673Bonn
64%
294,298Catania
60%
310,658Mannheim
59%
642,869Wrocław
59%
324,576Cluj-Napoca
58%
298,795Eindhoven
58%
292,774Katowice
58%
290,053Montpellier
58%
337,482Alicante
56%
336,216Varna
56%
293,257Kaunas
55%
459,403Murcia
55%
326,039Córdoba
53%
534,813Poznań
53%
381,223Las Palmas de Gran Canaria
52%
296,692Vigo
49%
401,907Szczecin
48%
334,195Bielefeld
47%
347,851Plovdiv
47%
296,582Augsburg
46%
498,686Duisburg
46%
299,265Valladolid
44%
315,293Münster
42%
292,796Espoo
41%
339,784Lublin
41%
319,279Timișoara
41%
312,060Karlsruhe
39%
355,100Wuppertal
39%
375,587Bochum
38%
290,422Iași
33%
297,554Białystok
31%
348,190Bydgoszcz
29%

Score Distribution

Percentile by Number Answered

Percent of People with Each Score

Your Score History

You have not taken this quiz